Κατάλογος Βιβλιοθηκών Mediterranean College

The Microeconomy Today / Sixth Edition (Record no. 6)

MARC details
000 -LEADER
fixed length control field 01157cam a22002054a 4500
005 - ΗΜΕΡΟΜΗΝΙΑ ΚΑΙ ΩΡΑ ΤΕΛΕΥΤΑΙΑΣ ΕΝΗΜΕΡΩΣΗΣ
Πεδίο ελέγχου 20250605163920.0
008 - FIXED-LENGTH DATA ELEMENTS--GENERAL INFORMATION
Πεδίο ελέγχου σταθερού μήκους 250528s ||||||||||||||||||||||||d
035 ## - SYSTEM CONTROL NUMBER
System control number 14371
020 ## - ISBN
ISBN 70564434
040 ## - ΠΗΓΗ ΚΑΤΑΛΟΓΟΓΡΑΦΗΣΗΣ
Φορέας πρωτότυπης καταλογογράφησης MC Athens Campus Library
Γλώσσα καταλογογράφησης Ελληνικά, Μοντέρνα (1453-)
Modifying agency MC Athens Campus Library
Κανόνες περιγραφικής καταλογογράφησης AACR2
245 1# - ΤΙΤΛΟΣ ΚΑΙ ΔΗΛΩΣΗ ΥΠΕΥΘΥΝΟΤΗΤΑΣ
Τίτλος The Microeconomy Today / Sixth Edition
250 ## - EDITION STATEMENT
Edition statement 6th
260 ## - PUBLICATION, DISTRIBUTION, ETC.
Name of publisher, distributor, etc. Mcgraw Hill, Inc,
Date of publication, distribution, etc. 1994
300 ## - PHYSICAL DESCRIPTION
Extent 600
520 ## - SUMMARY, ETC.
Summary, etc. Preface, Basics, An Overview, The American Economy, Supply and Demand, Microeconomics, Product Markets: Basic Theory, The Demand for Goods, The Costs of Production, The Competitive Firm, Competitive Markets, Monopoly, Oligopoly, Monopolistic Competition, Product Markets: Issues, Government Intervention, (De)Regulation of Business, Environmental Protection, The Farm Problem, Factor Markets: Basic Theory, The Labor Market, Power in Labor Markets, Rent and Interest and Profit, Factor Markets: Issues, Taxes: Equity vs. Efficiency, Work vs. Welfare, International Trade, International Finance, International Development, The Collapse of Communism, Glossary, Index, Problem Set.
700 1# - ΠΡΟΣΘΕΤΗ ΑΝΑΓΡΑΦΗ--ΦΥΣΙΚΟ ΠΡΟΣΩΠΟ
Personal name Schiller R. Bradley
9 (RLIN) 6
942 ## - ADDED ENTRY ELEMENTS (KOHA)
Koha item type Books
Holdings
Τύπος τεκμηρίου Βιβλιοθήκη Τρέχουσα τοποθεσία Barcode Αριθμός εισαγωγής Ημερομηνία απόκτησης Ταξιθετικό σύμβολο Αριθμός αντιτύπου Κατάσταση απόσυρσης Κατάσταση χαμένου Κατάσταση κατεστραμμένου Μη δανεισμός Σύνολο δανεισμών Ημερομηνία τελευταίας εμφάνισης Η τιμή ισχύει από
Books MC Athens Campus Library MC Athens Campus Library 9780000000057 1095 05/06/2025 338.5 SCH 1           05/06/2025 05/06/2025

MC Athens Campus Library
Πατησίων 94 & Κοδριγκτώνος 13, 104 34
Πελλήνης 8 & Πατησίων 107, 112 51
Τ: +30 210 8899600

MC Thessaloniki Campus Library
Ίωνος Δραγούμη 21, 54625 | Ίωνος Δραγούμη 15, 54625
Τ: +30 2310 287779 – Τ: +30 2314 440300